000 01329nam a2200289 a 4500
001 000046525
003 DO-SdBNP
005 20220128113138.0
008 150821s2015 dr c 000 0 spa d
020 _a9789945423334
040 _aDO-SdBNP
_bspa
_cBPMSU
082 _a751.62
_bC247m 2015
_222
100 1 _aCappelli, Simona
245 1 0 _aMétodos y técnicas de conservación de las obras de arte (1) /
_cSimona Cappelli editor Simona Cappelli.
260 _aSanto Domingo :
_bUniversidad APEC,
_c2015.
300 _a144 p. :
_bil., retrs. ;
_c22 cm.
500 _aIncluye referencias bibliográficas y notas al pie de las páginas
505 0 _aLa conservación y restauración de los bienes culturales en República Dominicana -- Columnas coloniales del Colegio de Gorjón. Centro Cultural de España, Ciudad Colonial Santo Domingo. Relación técnica final de conservación agosto 2009 -- Pintura mural de Roland Dorcély, hotel Villa Créole, Petionville, Haití
590 _6Inventariado, 2022/VM
650 4 _aConservación y restauración de obras de arte
650 4 _aConservación y restauración de pinturas
650 4 _aPintura Mural
_xConservación y restauración.
700 1 2 _aSimona Cappelli.
710 2 _aUniversidad APEC (República Dominicana)
910 _aVMateo V.
942 _2ddc
_cBK
999 _c13991
_d13991